Представление документа в формате RUSMARC

ПолеНазваниеЗначение
  Тип записи a
  Библиографический уровень m
001 Контрольный номер RU/УОНБ/EK/506442844
005 Дата корректировки 20241101133201.4
010 Индекс ISBN __
a ISBN 978-5-9905759-1-2
d Цена 150 р.
9 Тираж 600 экз.
b Уточнения в пер.
100 Данные общей обработки __
a Данные общей обработки 20160118d2015 k y0rusy0189||||ca
101 Язык документа 0_
a Язык текста rus
102 Страна публикации __
a Страна публикации RU
105 Кодированные данные (монография) __
a Кодированные данные (монография) y z 001yb
200 Заглавие и сведения об ответственности 1_
a Заглавие Ха - Ящик
210 Выходные данные __
d Дата издания 2015
215 Физическое описание __
a Объем 373, [2] с.
320 Библиография __
a Библиография Указ.: с. 351-369
461 Уровень набора _0
1 001RU/УОНБ/EK/506442608
1 2001
a Конкорданс к стихотворениям М. Кузмина
f сост. А.В. Гик
v Т. 4
1 2101
a М.
c Рукописные памятники Древней Руси
d 2010 -
1 225
a Studia poetica
600 Персоналии _1
a Персоналии (Фамилия) Кузмин, Михаил Алексеевич
606 Тематические рубрики 0_
a Основная рубрика Русская литература
z Хронологическая подрубрика 20 в.
610 Ключевые слова __
a Ключевые слова Кузмин М.А.
686 Индексы других классификаций __
a Классификационный индекс 83.3(2=Рус)6-8
2 Код системы rubbk
801 Источник записи _0
a Страна RU
b Организация Ульяновская ОНБ
c Дата составления 20160118
g Правила каталогизации RCR
801 Источник записи _1
a Страна RU
b Организация Ульяновская ОНБ
c Дата составления 20160118
g Правила каталогизации RCR
901 Тип документа __
t Тип документа n
w Контрольный № источника RU/УОНБ/EK/506442608
909 Создатель записи __
a Создатель записи Мейснер
b Дата создания записи 20160311
938 Служебная информация __
a Имя БД books
b Имя библиотеки УОНБ
c Имя АИБС МАРК-SQL
d Номер DOC_ID в БД 320455